Les Pokéballs des jeux de la série principale - Statistiques

Statistiques générales
  • Ce quiz a été pris 965 fois
    193 depuis la dernière actualisation
  • Le résultat moyen est 17 sur 30
Statistiques - réponses
Description Image Nom % Correct
La plus classique des Balls Poké Ball
100%
La Ball ultime, qui permet de capturer n'importe quel Pokémon Master Ball
98%
Un peu plus efficace que la Ball précédente Hyper Ball
97%
Légèrement plus efficace que la Ball précédente Super Ball
97%
Ball utilisée pour la capture dans le Parc Safari Safari Ball
92%
Offre un Bonus Ball de 3 sur les Pokémon Eau ou Insecte Filet Ball
81%
Offerte lors de l'achat d'un lot de 10 Poké Balls ou plus Honor Ball
77%
Offre un Bonus Ball de 4 sur les Pokémon rencontrés la nuit ou dans des grottes Sombre Ball
76%
À utiliser en début de combat pour une meilleure efficacité Rapide Ball
74%
Plus efficace lors de combats très longs Chrono Ball
73%
Favorise la capture des Pokémon sauvages du genre opposé au vôtre Love Ball
70%
Rend les PV du Pokémon capturé et enlève ses changements de statut Soin Ball
70%
Le Pokémon attrapé se lie d'amitié plus rapidement avec le dresseur Luxe Ball
64%
Offre un Bonus Ball de 3,5 lorsque le combat a lieu sous l'eau Scuba Ball
63%
Favorise la capture des Pokémon qui évoluent avec une Pierre Lune Lune Ball
58%
Favorise la capture des Pokémon rapides Speed Ball
56%
Offre un Bonus Ball de 3 sur les Pokémon déjà attrapés Bis Ball
55%
Favorise la capture des Pokémon lourds Masse Ball
54%
Offre un Bonus Ball pour des Pokémon inférieur au niveau 30 Faiblo Ball
53%
Ball qui permet de capturer des Ultra-Chimères Ultra Ball
43%
Favorise la capture d'un Pokémon d'un niveau très différent Niveau Ball
37%
Favorise la capture d'un Pokémon pêché Appât Ball
36%
Ball qui a la particularité d'établir le bonheur du Pokémon capturé à 200 Copain Ball
34%
Ball qui permet de capturer les Pokémon du Parc des amis Parc Ball
25%
Ball introuvable dans le jeu, elle contient un Pokémon distribué par événement Mémoire Ball
23%
Ball servant à attraper des Pokémon endormis avec un Bonus Ball de 4 Rêve Ball
19%
Ball ordinaire avec la partie supérieure colorée en or (gold) et la partie inférieure en argent (silver) GS Ball
15%
On peut y appliquer des sceaux pour changer l'animation quand un Pokémon en sort Capsule Ball
9%
Ball qui apparaît quand un Pokémon est transféré dans un jeu où sa Ball de capture n'existe pas dans le jeu de destination Étrange Ball
7%
Ball utilisable dans le Concours de Capture d'insecte Compét'Ball
5%
Aucun quiz correspondant
Distribution des résultats
% des personnes avec chaque résultat
Percentile par nombre de réponses
Votre historique - résultats
Vous n’avez pas pris ce quiz depuis la dernière actualisation